[Event "Novosibirsk Sukharev Memorial op"]
[Site "Novosibirsk"]
[Date "2012.07.24"]
[Round "7"]
[White "Begishev, Sergei"]
[Black "Podmarjkov, Sergei"]
[Result "0-1"]
[WhiteElo "1938"]
[BlackElo "2065"]
[PlyCount "64"]
[EventDate "2012.07.18"]
[EventType "swiss"]
[EventRounds "9"]
[EventCountry "RUS"]
[SourceTitle "EXT 2013"]
[Source "ChessBase"]
[SourceDate "2012.11.22"]
[SourceVersion "1"]
[SourceVersionDate "2012.11.22"]
[SourceQuality "1"]

1. Nf3 Nf6 2. c4 e6 3. Nc3 d5 4. cxd5 exd5 5. d4 c6 6. g3 Be7 7. Bg2 0-0 8. 0-0 Nbd7 9. a4 a5 10. Re1 Bb4 11. Bg5 h6 12. Bf4 Re8 13. Qc2 Nf8 14. h3 Ng6 15. Bd2 Ne4 16. Rad1 Qf6 17. Rf1 Bf5 18. Qc1 Rad8 19. Be3 Nd6 20. Rfe1 Re7 21. Bf4 Ne4 22. Bd2 Rde8 23. Bf1 Qe6 24. g4 Bxg4 25. hxg4 Qxg4+ 26. Bg2 Nxd2 27. Nh2 Qg5 28. Kh1 Bd6 29. Nf3 Qh5+ 30. Kg1 Nxf3+ 31. exf3 Qh2+ 32. Kf1 Nf4 0-1

[Event "Novosibirsk Sukharev Memorial op"]
[Site "Novosibirsk"]
[Date "2012.07.18"]
[Round "1"]
[White "Makarov, Dmitry"]
[Black "Podmarjkov, Sergei"]
[Result "0-1"]
[WhiteElo "1776"]
[BlackElo "2065"]
[PlyCount "92"]
[EventDate "2012.07.18"]
[EventType "swiss"]
[EventRounds "9"]
[EventCountry "RUS"]
[SourceTitle "EXT 2013"]
[Source "ChessBase"]
[SourceDate "2012.11.22"]
[SourceVersion "1"]
[SourceVersionDate "2012.11.22"]
[SourceQuality "1"]

1. d4 Nf6 2. c4 e6 3. Nc3 Bb4 4. Qc2 0-0 5. a3 Bxc3+ 6. Qxc3 d5 7. Bg5 h6 8. Bh4 Nbd7 9. Nf3 c6 10. e3 Qc7 11. Bg3 Qd8 12. Bh4 Re8 13. Bd3 dxc4 14. Bxc4 Nb6 15. Bd3 Nbd5 16. Qd2 Qc7 17. Bg3 Qb6 18. 0-0 Rd8 19. h3 Bd7 20. Rfc1 Be8 21. Rc2 Ne7 22. Rac1 Nf5 23. Bh2 Nd6 24. Ne5 Nfe4 25. Qe2 f6 26. Nc4 Nxc4 27. Rxc4 Nd6 28. Rc5 Bf7 29. b4 Rd7 30. b5 cxb5 31. a4 b4 32. a5 Qd8 33. Qb2 b6 34. axb6 axb6 35. Rc6 b5 36. Qxb4 e5 37. Qc5 Rb8 38. dxe5 Ne4 39. Qc2 Rxd3 40. exf6 Rd2 41. Qb1 Bc4 42. Bxb8 Nc3 43. Qg6 Ne2+ 44. Kh1 Rd1+ 45. Rxd1 Qxd1+ 46. Kh2 Qg1# 0-1

[Event "Novosibirsk Region-ch sf"]
[Site "Novosibirsk"]
[Date "2010.10.19"]
[Round "4"]
[White "Podmarjkov, Sergei"]
[Black "Ershov, Kirill"]
[Result "1-0"]
[WhiteElo "2073"]
[BlackElo "1866"]
[PlyCount "45"]
[EventDate "2010.??.??"]
[EventType "swiss"]
[EventRounds "9"]
[EventCountry "RUS"]
[SourceTitle "EXT 2014"]
[Source "ChessBase"]
[SourceDate "2013.11.20"]
[SourceVersion "1"]
[SourceVersionDate "2013.11.20"]
[SourceQuality "1"]

1. c4 Nf6 2. g3 c6 3. Bg2 d5 4. cxd5 cxd5 5. Nc3 Nc6 6. Nf3 e5 7. d3 Bc5 8. 0-0 0-0 9. a3 a5 10. Bg5 Be6 11. Rc1 Be7 12. Qa4 Qd7 13. Qb5 h6 14. Bxf6 Bxf6 15. e4 d4 16. Nd5 Nb8 17. Qxd7 Bxd7 18. Nd2 b5 19. f4 Ra7 20. fxe5 Bxe5 21. Nf3 f6 22. Nxe5 fxe5 23. Ne7+ 1-0

[Event "Novosibirsk April op"]
[Site "Novosibirsk"]
[Date "2008.04.13"]
[Round "9"]
[White "Yakushev, Nikolai"]
[Black "Podmarjkov, Sergei"]
[Result "0-1"]
[WhiteElo "2160"]
[BlackElo "2049"]
[PlyCount "60"]
[EventDate "2008.04.05"]
[EventType "swiss"]
[EventRounds "9"]
[EventCountry "RUS"]
[SourceTitle "EXT 2010"]
[Source "ChessBase"]
[SourceDate "2010.11.25"]
[SourceVersion "1"]
[SourceVersionDate "2010.11.25"]
[SourceQuality "1"]

1. d4 Nf6 2. c4 e6 3. Nf3 d5 4. Bg5 Be7 5. Nc3 0-0 6. e3 h6 7. Bf4 a6 8. Rc1 Nbd7 9. c5 b6 10. c6 Nb8 11. Qa4 Ne4 12. Nxe4 dxe4 13. Nd2 f5 14. b4 Bd6 15. Bxd6 Qxd6 16. b5 Qe7 17. Nc4 f4 18. exf4 Rxf4 19. Ne3 e5 20. d5 axb5 21. Qxa8 Qb4+ 22. Ke2 Qb2+ 23. Rc2 Bg4+ 24. f3 exf3+ 25. Kf2 fxg2+ 26. Kxg2 Bf3+ 27. Kg3 Qd4 28. Qxb8+ Kh7 29. Bd3+ Qxd3 30. Re1 Qg6+ 0-1

[Event "Novosibirsk April op"]
[Site "Novosibirsk"]
[Date "2008.04.10"]
[Round "6"]
[White "Podmarjkov, Sergei"]
[Black "Okladnikov, Gennady"]
[Result "1-0"]
[WhiteElo "2049"]
[BlackElo "2217"]
[PlyCount "59"]
[EventDate "2008.04.05"]
[EventType "swiss"]
[EventRounds "9"]
[EventCountry "RUS"]
[SourceTitle "EXT 2010"]
[Source "ChessBase"]
[SourceDate "2010.11.25"]
[SourceVersion "1"]
[SourceVersionDate "2010.11.25"]
[SourceQuality "1"]

1. c4 g6 2. g3 Bg7 3. Bg2 Nf6 4. Nc3 0-0 5. Nf3 d6 6. 0-0 c5 7. Ne1 Nc6 8. Nc2 a6 9. d3 Rb8 10. Rb1 Nb4 11. Ne3 Ng4 12. a3 Nc6 13. Ncd5 Nd4 14. b4 b5 15. bxc5 dxc5 16. h3 Ne5 17. Nc2 e6 18. Nc3 Qc7 19. cxb5 Nxb5 20. Nxb5 axb5 21. Bf4 Rd8 22. Qc1 Qb6 23. Qe3 f6 24. Rb2 Ba6 25. Rfb1 Rbc8 26. a4 b4 27. Nxb4 Qd6 28. Bxe5 fxe5 29. Nxa6 e4 30. Rb6 1-0

[Event "Capital of Sibiria op"]
[Site "Novosibirsk"]
[Date "2002.07.21"]
[Round "3"]
[White "Chigvintsev, Andrei"]
[Black "Podmarjkov, Sergei"]
[Result "1-0"]
[WhiteElo "2389"]
[BlackElo "2030"]
[PlyCount "101"]
[EventDate "2002.07.19"]
[EventType "swiss"]
[EventRounds "9"]
[EventCountry "RUS"]
[SourceTitle "CBM 089 Extra"]
[Source "ChessBase"]
[SourceDate "2002.09.10"]
[SourceVersion "2"]
[SourceVersionDate "2002.09.10"]
[SourceQuality "1"]

1. Nf3 Nf6 2. g3 d5 3. Bg2 c6 4. b3 Bg4 5. Bb2 Nbd7 6. 0-0 Bxf3 7. exf3 e6 8. f4 Bd6 9. Re1 0-0 10. d3 Qb6 11. Nd2 Rfe8 12. Nf3 Ng4 13. Re2 Re7 14. Bh3 Ndf6 15. Ne5 h5 16. Bxg4 hxg4 17. Rd2 Qa5 18. Nxg4 Nxg4 19. Qxg4 f5 20. Qe2 Bb4 21. Rdd1 Bc3 22. Bxc3 Qxc3 23. Qd2 Qxd2 24. Rxd2 Kf7 25. c4 g6 26. Kg2 Rd8 27. c5 e5 28. fxe5 Rxe5 29. h4 Rde8 30. Kf3 Re1 31. Rxe1 Rxe1 32. Re2 Rc1 33. d4 b6 34. cxb6 axb6 35. Ke3 b5 36. Kd2 Ra1 37. Kc3 Rd1 38. a3 Kf6 39. Ra2 Ke6 40. a4 b4+ 41. Kxb4 Rxd4+ 42. Kc3 c5 43. a5 Rb4 44. a6 d4+ 45. Kc2 Rb8 46. a7 Ra8 47. Kd3 Kd5 48. Ra6 Ke5 49. f3 f4 50. g4 Kd5 51. h5 1-0